000
00258nam a22001217a 4500
041
_a
ENG
100
_a
Raven.F
245
_a
Automatic Control Engineering
260
_a
New york
_b
Mcgraw -Hill
_c
1998
300
_a
619
650
_a
FMP
856
_u
FMP ( 4 )
999
_c
1410
_d
1410